| 000 | 01070nam1a22002651 4500 | ||
|---|---|---|---|
| 001 | v19\rc\1938661 | ||
| 005 | 20260406150038.0 | ||
| 035 | _a(NLR Aleph) 005022465 | ||
| 090 |
_a6603833 _c6603833 |
||
| 100 | _a20251123 rusy50 | ||
| 101 | 0 | _arus | |
| 102 | _aRU | ||
| 105 | _ay z ||||| | ||
| 200 | 1 | _aОтчет Общества вспомоществования нуждающимся воспитанницам Черниговской женской гимназии Н.Н. Заостровской... | |
| 210 |
_a[Чернигов] _d1912-1914 |
||
| 215 | _d22 | ||
| 702 | 1 |
_aЗаостровская _bН.Н. _4570 |
|
| 710 | 0 | 2 |
_aЧерниговская женская гимназия Н.Н.Заостровской _bО-во вспомоществования нуждающимся воспитанницам _9346689 _3RU\NLR\AUTH\889925454 |
| 801 | 0 |
_aRU _bNLR _gpsbo |
|
| 801 | 0 |
_aRU _bRuMoRGB _2psbo |
|
| 801 | 1 |
_aRU _bProSoft-M _2rusmarc |
|
| 852 |
_aNLR _j18.299.8.31 |
||
| 899 |
_aRuMoRGB _jS 97/551 _y(1911-1913) |
||
| 942 | _cBOOK | ||
| 980 | _aNB | ||